000 00977nam a2200241 a 4500
001 82150
003 BD-RjUL
005 20231121103557.0
008 231017s2014 bg a|||| m||| 00| 0 eng d
035 _a(BD-RjUL)82150
040 _aBD-RjUL
_beng
_cBD-RjUL
_dBD-RjUL
041 _aeng
082 _223
_a332.17
_bAKC 2014
100 _aAkterujjaman, S. M.
_99643
245 1 0 _aCUSTOMERS' SATISFACTION TOWARDS THE SERVICES OF COMMERCIAL BANKS IN BANGLADESH :
_bA STUDY ON SELECTED BANKS /
_cS. M. Akterujjaman ;
_6Supervisor : M. Ahsan Habib.
260 _aRajshahi :
_bInstitute of Business Administration, University of Rajshahi,
_c2014.
300 _a[2], xx, [1], 203 leaves :
_bill.;
_c29 cm.
502 _aThesis(M.Phil.)-- Institute of Business Administration, University of Rajshahi,2014
504 _aBibliography : Leaves 187-195
650 _aBanking services
_xCommercial banks
_zBangladesh
_99644
700 _aHabib, M. Ahsan, Supervisor
_99645
942 _2ddc
_cTHE
999 _c82150
_d82150